| 000 | 00392 a2200097 4500 | ||
|---|---|---|---|
| 245 | 0 | 0 |
_aTranzystory - Pomiary rezystancji termicznej złącze-otoczenie R th j-a i złącze-obudowa R th j-c PN-76/T-01504 ark.51 / _cMin. Przem. Maszynowego. |
| 246 | 1 | 3 | _aPN-76/T-01504 ark.51 |
| 246 | 1 | 3 | _a621.382.3.001.4 |
| 260 |
_aWarszawa : _bMin. Przem. Maszynowego, _c1976. |
||
| 300 |
_a4 stron ; _c30 cm. |
||
| 650 | _aPolska norma | ||
| 999 |
_c21412 _d21412 |
||